Predlžovanie výrobného cyklu ako zdroj ekonomického rastu: teoretické a praktické aspekty dizertačná práca

Enregistré dans:
Détails bibliographiques
Auteur principal: Dujava, Daniel
Collectivité auteur: Národohospodárska fakulta EU. Katedra ekonómie
Autres auteurs: Lisý, Ján
Format: Livre
Langue:slovaque
Publié: Bratislava 2012
Sujets:
Tags: Ajouter un tag
Pas de tags, Soyez le premier à ajouter un tag!

MARC

LEADER 00000nbm a2200000 4500
001 0158613
005 20240502072748.5
041 0 |a slo 
044 |a SK 
245 1 0 |a Predlžovanie výrobného cyklu ako zdroj ekonomického rastu: teoretické a praktické aspekty  |b dizertačná práca  |c Daniel Dujava ; školiteľ: Ján Lisý 
264 1 |a Bratislava  |c 2012 
300 |a 148 s. 
610 2 0 |a rast hospodársky 
610 2 0 |a modely rastu 
100 1 |a Dujava, Daniel 
700 1 |a Lisý, Ján 
710 2 |a Národohospodárska fakulta EU. Katedra ekonómie